On This Day: November 10th Quiz Stats

Quiz Updated Nov 10, 2017

Challenge
Share
Tweet
Embed
Score 0/7 Timer 03:00
0 Plays Today
Question Answer Wrong Answers
National Educational Television, the predecessor to PBS, debuts this educational children's TV series.
1969
Sesame Street
90.9%
Blue's Clues
0.8%
Reading Rainbow
4.3%
Barney & Friends
1.8%
With the rollout of the North American Numbering Plan, direct-dial coast-to-coast ______ service begins in the United States.
1951
Telephone
89.5%
Telegraph
3.6%
Telegram
2.5%
Television
3.1%
The United States ______ Corps is founded at Tun Tavern in Philadelphia by Samuel Nicholas.
1775
Marine
82%
Peace
13.5%
Job
1%
Engineering
3.5%
This man locates missing explorer and missionary Dr. David Livingstone near Lake Tanganyika, giving rise to the popular quotation, 'Dr. Livingstone, I presume?'.
1871
Henry Morton Stanley
77.2%
John Hanning Speke
3.1%
Richard Francis Burton
11%
Cecil Rhodes
8%
The Hope Diamond is donated to the ______ by New York diamond merchant Harry Winston.
1958
Smithsonian Institution
69%
American Museum of Natural History
14.3%
Solomon R. Guggenheim Museum
11.7%
Field Museum of Natural History
3%
In Cambodia, ______ forces attack the city of Phnom Penh and its airport, killing 44, wounding at least 30, and damaging 9 aircraft.
1971
Khmer Rouge
67.6%
Viet Cong
26.2%
United Red Army
2.9%
Gonobahini
0.9%
This personal computer operating environment developed by Microsoft is first presented to the public by Bill Gates.
1983
Windows 1.0
43.4%
MS-DOS
51.3%
ULTRIX
1.2%
LEO I
1.5%

Today's Daily Dose

Word Ladder
Paul Newman

On This Day
April 21st II

You're not logged in!

Compare scores with friends on all Sporcle quizzes.
Sign Up with Email
OR
Log In

You Might Also Like...

Show Comments

Extras

Top Quizzes Today


Score Distribution

Your Account Isn't Verified!

In order to create a playlist on Sporcle, you need to verify the email address you used during registration. Go to your Sporcle Settings to finish the process.

Report this User

Report this user for behavior that violates our Community Guidelines.

Details: